Modifikácia vlastností gumárenských zmesí kombináciami plnív

Gespeichert in:
Bibliographische Detailangaben
1. Verfasser: Karnas, Radoslav (Verfasst von)
Format: Manuskript Buch
Sprache:Slowakisch
Veröffentlicht: Bratislava : STU v Bratislave FCHPT, 2002
Ausgabe:Obháj.: 3.6.2002
Tags: Tag hinzufügen
Keine Tags, Fügen Sie das erste Tag hinzu!

MARC

LEADER 00000ntm a22000003a 4500
001 stu76808
005 20150617225644.2
008 020725s2002----xo------------------slo-d
040 |a STU  |b slo 
041 0 |a slo 
044 |a xo 
100 1 |a Karnas, Radoslav  |4 aut 
245 1 |a Modifikácia vlastností gumárenských zmesí kombináciami plnív 
250 |a Obháj.: 3.6.2002 
260 |a Bratislava :  |b STU v Bratislave FCHPT,  |c 2002 
300 |a 64 s. Tab.,grafy,lit 
500 |a Špec.: Plasty a kaučuk 
996 |b 284C026755  |c C*D13715  |l CCI  |s A  |a 24  |w stu76808_0001